000 00573nam a2200229Ia 4500
003 GCL
008 140319s9999 xx 000 0 eng d
040 _aGCL /
_cGCL
082 0 4 _a150
_bK R
100 1 _aKING, RICHARD A
245 1 0 _aREADINGS FOR AN INTRODUCTION TO PSYCHOLOGY /
_cKING, RICHARD A
260 _a[S.N] :
_bMC GRAW - HILL ،
_c1996
300 _a559 P
650 0 4 _aNUTRITION
650 0 4 _aMOTIVATION
650 0 4 _aLEARNING
650 0 4 _aPSYCHOMETRICS
650 0 4 _aEMOTIONS
650 0 4 _aPERCEPTION
650 0 4 _aREMEMBERING
942 _2ddc
_cBK
999 _c14930
_d14930